St. Louis Blues Roster 2026 - Statistics

General Stats
  • This quiz has been taken 559 times
    76 since last reset
  • The average score is 15 of 23
Answer Stats
# Birthplace Player % Correct
Goaltenders 50 Ontario, CAN Jordan Binnington
100%
Forwards 18 Ontario, CAN Robert Thomas
96%
Defencemen 55 Alberta, CAN Colton Parayko
90%
Forwards 25 Ontario, CAN Jordan Kyrou
85%
Forwards 89 Vologda, RUS Pavel Buchnevich
81%
Forwards 10 Saskatchewan, CAN Brayden Schenn
79%
Goaltenders 30 Manitoba, CAN Joel Hofer
73%
Forwards 54 Banská Bystrica, SVK Dalibor Dvorský
67%
Forwards 81 Alberta, CAN Dylan Holloway
67%
Defencemen 72 Minnesota, USA Justin Faulk
67%
Defencemen 6 Närke, SWE Philip Broberg
67%
Forwards 22 Zürich, SUI Pius Suter
67%
Forwards 21 Minnesota, USA Jimmy Snuggerud
65%
Forwards 26 De Morgannwg, GBR Nathan Walker
65%
Forwards 71 Quebec, CAN Mathieu Joseph
60%
Defencemen 17 Ontario, CAN Cam Fowler
58%
Defencemen 23 Ontario, CAN Logan Mailloux
58%
Forwards 13 Moskva, RUS Alexei Toropchenko
56%
Forwards 63 Alberta, CAN Jake Neighbors
56%
Forwards 70 Norrbotten, SWE Oskar Sundqvist
56%
Defencemen 75 Ontario, CAN Tyler Tucker
52%
Defencemen 51 Arizona, USA Matthew Kessel
42%
Forwards 77 Minnesota, USA Nick Bjugstad
40%
No matching quizzes found
Score Distribution
Percent of People with Each Score
Percentile by Number Answered
Your Score History
You have not taken this quiz since the last reset